MARC

LEADER 00000nam0a2200000 4500
001 309610
005 20231102002215.0
035 |a (RuTPU)RU\TPU\book\334949 
090 |a 309610 
100 |a 20151116d1981 m y0rusy50 ca 
101 0 |a rus 
102 |a RU 
105 |a a j 001zy 
200 1 |a Контроль в сборочном производстве  |e учебное пособие  |f Б. Ф. Федоров, Б. Г. Никитин  |g Научно-техническое общество машиностроительной промышленности (НТО Машпром), Центральное правление 
210 |a Москва  |c Машиностроение  |d 1981 
215 |a 38 с.  |c ил. 
225 1 |a Университет технического прогресса в машиностроении 
320 |a Библиогр.: с. 37 
606 1 |a Машины  |x Сборка  |x Точность  |2 stltpush  |3 (RuTPU)RU\TPU\subj\41731  |9 61517 
610 1 |a сборочное производство 
610 1 |a контроль 
610 1 |a качество 
610 1 |a продукция 
610 1 |a СМК 
610 1 |a соединения 
610 1 |a сборочные единицы 
610 1 |a испытания 
610 1 |a техническая диагностика 
610 1 |a учебные пособия 
675 |a 621.757(07)  |v 4 
700 1 |a Федоров  |b Б. Ф.  |g Борис Федорович 
701 1 |a Никитин  |b Б. Г.  |g Борис Георгиевич 
712 0 2 |a Научно-техническое общество машиностроительной промышленности (НТО Машпром)  |b Центральное правление  |f (1955-1985)  |2 stltpush  |3 (RuTPU)RU\TPU\col\21679 
801 1 |a RU  |b 63413507  |c 20151116 
801 2 |a RU  |b 63413507  |c 20180918  |g RCR 
942 |c BK